00000000nim 2200000zi 4500
0019.954415
003CaOODSP
00520250822150149
006m     o  h f      
007cr nna||||||||
008250822s2023    qucnnnn o      z  n eng d
040 |aCaOODSP|beng|erda|cCaOODSP
043 |an-cn---
0861 |aTT4-50/8-2023E-MP3
24500|aPersonnel training for the assistance of travellers with disabilities : |ba guide.
264 1|a[Gatineau, Quebec] : |b[Canadian Transportation Agency], |c[2023]
300 |a1 online resource (1 audio file (21 min., 18 sec.))
336 |aspoken word|bspw|2rdacontent
337 |aaudio|bs|2rdamedia
337 |acomputer|bc|2rdamedia
338 |aonline resource|bcr|2rdacarrier
344 |3Canadian Transportation Agency|adigital|2rdatr
347 |3Canadian Transportation Agency|aaudio file|2rdaft
347 |3Canadian Transportation Agency|bMP3|c7.31 MB|f48 kbps
500 |aIssued also in French under title: Guide sur la formation du personnel en matière d'aide aux voyageurs handicapés.
500 |aAvailable as streaming audio or as downloadable MP3 file.
520 |a"This guide explains the obligations of transportation service providers covered by the Accessible Transportation for Persons with Disabilities Regulations (ATPDR), regarding the development and implementation of training programs in respect of persons with disabilities. In particular, this guide explains: which transportation service provider personnel must be trained; the topics that training programs must cover; timelines for training; supervision of untrained personnel; the duty to inform personnel of new developments impacting persons with disabilities; the preparation of training programs, including consultation with persons with disabilities; and the provision of information about training programs on request. …"--Purpose.
588 |aDescription based on online resource; title from resource web page (Canadian Transportation Agency, viewed August 22, 2025).
650 0|aPeople with disabilities|xTransportation|zCanada.
650 0|aPeople with disabilities|xServices for|zCanada.
650 0|aTransport workers|xTraining of|zCanada.
655 7|aSound recordings|2lcgft
7102 |aCanadian Transportation Agency, |eissuing body.
77508|tGuide sur la formation du personnel en matière d'aide aux voyageurs handicapés.|w(CaOODSP)9.954416
7760#|tPersonnel training for the assistance of travellers with disabilities : |w(CaOODSP)9.930526
85640|qMP3|s7.31 MB|uhttps://publications.gc.ca/collections/collection_2025/otc-cta/TT4-50-8-2023-eng.mp3
8564 |qHTML|sN/A|uhttps://otc-cta.gc.ca/eng/publication/personnel-training-assistance-travellers-disabilities-a-guide